000 00647nam a22002057a 4500
008 160528b xxu||||| |||| 00| 0 eng d
020 _a13:978-0-495-24462-7
020 _a10: 0-495-24462-7
082 _22009
_aDC 004.6
_bG64i
100 _99482
_aGopalan K. 'Gopal'.
245 _aAn introduction to signal and system analysis/
_cK. 'Gopal' Gopalan.
260 _aAustralia:
_bCengage,
_cc2009.
300 _axv, 655 pages;
_c23 cm.
500 _aIncludes index.
650 0 _99481
_aComputer networks.
650 0 _99483
_aDigital communications.
650 0 _99484
_aSystem analysis.
650 0 _99485
_aSignal processing.
942 _2ddc
_cDC
999 _c2852
_d2852